| 000 | 00469cam a2200169ua 4500 | ||
|---|---|---|---|
| 020 |
_a81-224-0186-4 _cRs 500.00 |
||
| 041 |
_aeng _h |
||
| 082 |
_a532.051 _bLAK/KA |
||
| 100 | _aLakshmana Gowda, B H . | ||
| 245 |
_aKaleidoscopic view of fluid flow phenomena / _cB H Lakshmana Gowda. _hTextual Documents |
||
| 260 |
_aNew Delhi : _bWiley Eastern Ltd , _c1992. |
||
| 300 | _a87. | ||
| 365 | _aRs 500.00 | ||
| 504 | _a | ||
| 942 | _cBK | ||
| 999 |
_c1493 _d1493 |
||